Writing caste/writing gender : (Record no. 310)
[ view plain ]
| 000 -LEADER | |
|---|---|
| fixed length control field | 01036 a2200253 4500 |
| 005 - DATE AND TIME OF LATEST TRANSACTION | |
| control field | 20080819155559.0 |
| 008 - FIXED-LENGTH DATA ELEMENTS--GENERAL INFORMATION | |
| fixed length control field | 080819t xxu||||| |||| 00| 0 eng d |
| 010 ## - LIBRARY OF CONGRESS CONTROL NUMBER | |
| LC control number | ENG-84757 |
| 020 ## - INTERNATIONAL STANDARD BOOK NUMBER | |
| International Standard Book Number | 8189013017 |
| Terms of availability | 495.00 |
| 035 ## - SYSTEM CONTROL NUMBER | |
| System control number | EN-68290 |
| 037 ## - SOURCE OF ACQUISITION | |
| Source of stock number/acquisition | D.B.Act / Pub |
| 040 ## - CATALOGING SOURCE | |
| Original cataloging agency | dpl |
| Language of cataloging | English |
| 082 ## - DEWEY DECIMAL CLASSIFICATION NUMBER | |
| Classification number | 305.5 |
| 100 ## - MAIN ENTRY--PERSONAL NAME | |
| Personal name | Rege, Sharmila. |
| 245 ## - TITLE STATEMENT | |
| Title | Writing caste/writing gender : |
| Remainder of title | reading Dalit women's testimonios |
| Statement of responsibility, etc | Sharmila Rege. |
| 260 ## - PUBLICATION, DISTRIBUTION, ETC. (IMPRINT) | |
| Place of publication, distribution, etc | New Delhi |
| Name of publisher, distributor, etc | Zubaan, |
| Date of publication, distribution, etc | 2006. |
| 270 ## - ADDRESS | |
| Address | K-92, Ist Floor, Hauz Khas Enclave |
| City | New Delhi |
| State or province | Delhi |
| Postal code | 110016 |
| Electronic mail address | zubaanwbooks@vsnl.net |
| 300 ## - PHYSICAL DESCRIPTION | |
| Extent | xiv, 388 p. : |
| Other physical details | ill. ; |
| Dimensions | 22 cm. (Hb) |
| 520 ## - SUMMARY, ETC. | |
| Summary, etc | Study on the autobiographies of Dalit women from Maharashtra, India. |
| 650 ## - SUBJECT ADDED ENTRY--TOPICAL TERM | |
| Topical term or geographic name as entry element | Poor women |
| Geographic subdivision | India |
| -- | Maharashtra |
| 650 ## - SUBJECT ADDED ENTRY--TOPICAL TERM | |
| Topical term or geographic name as entry element | Dalits |
| Geographic subdivision | India |
| -- | Maharashtra |
| 942 ## - ADDED ENTRY ELEMENTS (KOHA) | |
| Institution code [OBSOLETE] | dpl |
| Koha item type | English Books |
| Call number prefix | 305.5 / RAG |
| Source of classification or shelving scheme | Dewey Decimal Classification |
| Classification part | 305.5 |
| Call number suffix | RAG |
| Withdrawn status | Lost status | Damaged status | Not for loan | Collection code | Home library | Current library | Date acquired | Cost, normal purchase price | Total Checkouts | Full call number | Barcode | Date last seen | Copy number | Uniform Resource Identifier | Cost, replacement price | Price effective from | Koha item type |
|---|---|---|---|---|---|---|---|---|---|---|---|---|---|---|---|---|---|
| Not For Loan | Non-fiction | D.B.Act.Division | D.B.Act.Division | 19/08/2008 | 495.00 | 305.5 RAG | EN-68290 | 15/09/2008 | 1 | 319 | 495.00 | 15/09/2008 | English Books |
